1437 1180 1266 1462 1304 1304 1977 1364 1481 1190 1142 1158 1704 1412 1042 1484 1329 1613 1828 1542 1003 1706 1200 1910 1029 1828 1605 1693 1799 1456 1858 1320 1605 1783 1007 1565 1170 1992 1340 1052 1000 1541 1866 1915 1339 1506 1311 1382 1760 1348 1489 1778 1183 1030 1670 1894 1962 1276 1669 1492 1562 1203 1825 1789 1751 1351 1050 1901 1899 1758 1013 1239 1086 1803 1706 1763 1292 1140 1552 1701 1066 1543 1181 1351 1374 1648 1760 1362 1403 1602 1459 1377 1330 1867 1447 1185 1620 1631 1172 BCNSPRNW ULIB Ver.6.0+V

เปลี่ยนเป็นภาษาไทย

Change to English
 แสดงรายละเอียดบรรณานุกรม
  กลับหน้าหลัก

Brief Record : Get Marc (ISO 2709) : E-mail record : QR code < ปิดหน้าต่าง
LEADER : 00000nam 2200000uu 4500
001    13399124582
003     ULIB
008    151011s2553||||th 000 0 tha d
020    9786167052199
090    ^aนว.^bร388ฮ ล.1
100    ^aรัศมีจันทร์
245    ^aไฮโซติดเกาะ ตอน เปลวแดดกลางฤดูร้อน เล่ม 1/^cรัศมีจันทร์
250    ^aพิมพ์ครั้งที่ 1
260    ^aกรุงเทพฯ :^bณ บ้านวรรณกรรม,^c2553
300    ^a376 หน้า
710 1  ^aณ บ้านวรรณกรรม
945    ^p240^l0^i026742
999    ^aเกษร โพธิ์สุวรรณ
รายการนี้ยังไม่มีแท็ก
คุณยังไม่ได้ล็อกอิน คุณสามารถมีกิจกรรมร่วมกับเว็บไซต์ได้ แต่ต้องล็อกอินก่อน ::
  ล็อกอิน

รายการสื่อสารสนเทศ

ลำดับที่ ประเภท เลขเรียก/บาร์โค้ด สถานที่ สถานะ
1. นวนิยาย
นวนิยาย
นว. ร388ฮ ล.1 ฉ.1 
  Barcode: 026742
ห้องสมุดวิทยาเขตนครสวรรค์
►นวนิยาย:l:Fiction
บนชั้น

รายการใกล้เคียง
    ผู้แต่ง [รัศมีจันทร์]

BibComment


ยังไม่เคยถูกคอมเมนท์

คอมเมนท์ทรัพยากรรายการนี้
  คอมเมนท์: ไฮโซติดเกาะ ตอน ..


 Copyright 2026. Bcnsprnw @Library